NLSUI OPAC header image

Networking For monitoring the impact of globalization and trips on access to medicines (Record no. 115590)

MARC details
000 -LEADER
fixed length control field 00524nam a22001697a 4500
003 - CONTROL NUMBER IDENTIFIER
control field OSt
005 - DATE AND TIME OF LATEST TRANSACTION
control field 20190926160248.0
008 - FIXED-LENGTH DATA ELEMENTS--GENERAL INFORMATION
fixed length control field 190926b2001 ||||| |||| 00| 0 eng
040 ## - CATALOGING SOURCE
Transcribing agency Nlsiu
082 ## - DEWEY DECIMAL CLASSIFICATION NUMBER
Classification number 362.17 WOL
245 ## - TITLE STATEMENT
Title Networking For monitoring the impact of globalization and trips on access to medicines
260 ## - PUBLICATION, DISTRIBUTION, ETC.
Place of publication, distribution, etc. Thailand
Name of publisher, distributor, etc. World Health Organization
Date of publication, distribution, etc. 2001
300 ## - PHYSICAL DESCRIPTION
Extent 67p
505 ## - FORMATTED CONTENTS NOTE
Title Health Economics and Drugs EDM series No .11
651 ## - SUBJECT ADDED ENTRY--GEOGRAPHIC NAME
Geographic subdivision Generic Drugs
-- Parallel Imports
942 ## - ADDED ENTRY ELEMENTS (KOHA)
Source of classification or shelving scheme Dewey Decimal Classification
Koha item type Repository
Holdings
Withdrawn status Lost status Source of classification or shelving scheme Damaged status Not for loan Home library Current library Shelving location Date acquired Source of acquisition Coded location qualifier Total Checkouts Full call number Barcode Date last seen Price effective from Koha item type
    Dewey Decimal Classification     . .   26.09.2019 Gratis Documentat   362.17 WOL REP13441 26.09.2019 26.09.2019 Repository